Managing university museums

Gespeichert in:
Bibliographische Detailangaben
Format: Buch
Sprache:Englisch
Veröffentlicht: Paris OECD 2001
Schriftenreihe:Education and skills
Schlagworte:
Tags: Tag hinzufügen
Keine Tags, Fügen Sie das erste Tag hinzu!

MARC

LEADER 00000nam a2200000 4500
001 c127727
005 20221124105258.4
020 |a 92-64-19524-6 
041 0 |a eng 
044 |a FR 
245 1 0 |a Managing university museums 
264 1 |a Paris  |b OECD  |c 2001 
300 |a 200 s. 
490 1 |a Education and skills 
830 0 |a Education and skills 
610 2 0 |a múzeá 
610 2 0 |a univerzity 
610 2 0 |a školy vysoké 
610 2 0 |a vzdelanie vysokoškolské 
610 2 0 |a riadenie 
610 2 0 |a riadenie vedecké 
610 2 0 |a manažment 
610 2 0 |a spolupráca intelektuálna 
610 2 0 |a porovnanie medzinárodné 
610 2 0 |a plánovanie strategické 
610 2 0 |a svet 
610 2 0 |a OECD